Τεχνικές προδιαγραφές ΧΥΤΑ : η περίπτωση της Λάρισας : πτυχιακή εργασία

Αποθηκεύτηκε σε:
Λεπτομέρειες βιβλιογραφικής εγγραφής
Κύριος συγγραφέας: Ευσταθίου, Δημήτρης
Συγγραφή απο Οργανισμό/Αρχή: Πανεπιστήμιο Αιγαίου. Σχολή Περιβάλλοντος. Τμήμα Περιβάλλοντος
Άλλοι συγγραφείς: Ντεμιάν, Ηλίας, Χαλβαδάκης, Κωνσταντίνος Π. (Εισηγητής διατριβής)
Μορφή: Thesis Βιβλίο
Γλώσσα:Greek
Δημοσίευση: Μυτιλήνη : Πανεπιστημιο Αιγαίου, Τμήμα Περιβάλλοντος, 2004
Θέματα:
Διαθέσιμο Online:http://hdl.handle.net/11610/10508
Ετικέτες: Προσθήκη ετικέτας
Δεν υπάρχουν, Καταχωρήστε ετικέτα πρώτοι!

MARC

LEADER 00000cam a2200000 i 4500
001 1/82792
008 050803s2004 gre d
035 |l 10079615 
040 |a GR-MY-UA  |b gre  |e aacr 
041 0 |a gre 
082 0 |a 628.44564  |2 (22) 
100 1 |a Ευσταθίου, Δημήτρης. 
245 1 0 |a Τεχνικές προδιαγραφές ΧΥΤΑ :  |b η περίπτωση της Λάρισας : πτυχιακή εργασία /  |c Ευσταθίου Δημήτρης, Ντεμιάν Ηλίας ; υπεύθυνος καθηγητής Κ. Π. Χαλβαδάκης 
260 |a Μυτιλήνη :   |b Πανεπιστημιο Αιγαίου, Τμήμα Περιβάλλοντος,   |c 2004 
300 |a 101 σ.;  |b φωτ., πιν.;  |c 30 εκ. 
502 |a Πτυχιακή εργασία – Πανεπιστήμιο Αιγαίου, Λέσβος, 2004. 
504 |a Βιβλιογραφία 
650 0 0 |a Sanitary landfills  |x Design and construction. 
650 0 0 |a Sanitary landfills  |z Greece  |z Larisa. 
650 0 0 |a Dissertations, Academic  |z Greece. 
700 1 |a Ντεμιάν, Ηλίας. 
700 1 |a Χαλβαδάκης, Κωνσταντίνος Π.  |4 ths 
710 2 |a Πανεπιστήμιο Αιγαίου.   |b Σχολή Περιβάλλοντος.   |b Τμήμα Περιβάλλοντος. 
852 |a INST  |b LESVOS  |c DIATR  |e 20050803  |h 887  |p 005100031420  |q 005100031420  |t DIE  |y 23 
852 |a INST  |b LESVOS  |c DIATR  |e 20050803  |h 888  |p 005100031419  |q 005100031419  |t DIE  |y 23 
856 |u http://hdl.handle.net/11610/10508 
901 |a BIBL1-2005-2 
909 |a Λ  |b 111850 
909 |a Λ  |b 111851 
924 |a ΕΥΣΤΑΘΙΟΥ  |b ΔΗΜΗΤΡΗΣ  |y ΛΕΣΒΟΣ  |z 2004-10 
924 |a ΝΤΕΜΙΑΝ  |b ΗΛΙΑΣ  |y ΛΕΣΒΟΣ  |z 2004-10 
970 |a ΜΑΡΙΝΑΤΟΥ  |b ΜΥΡΣΙΝΗ  |z 2005/08/03